| Tag |
First Indicator |
Second Indicator |
Subfields |
| LEADER |
00000cam a2200000ua 4500 |
| 001 |
in00001021221 |
| 005 |
20150928122322.0 |
| 008 |
900806s1989 enka b 100 0 eng d |
| 020 |
|
|
|a 0521382327
|
| 035 |
|
|
|a (OCoLC)23061849
|
| 035 |
|
|
|9 AFG2525AM
|
| 040 |
|
|
|a NAM
|c NAM
|d TXA
|d UtOrBLW
|
| 049 |
|
|
|a TXAM
|
| 090 |
|
|
|a QA76.64
|b .E95 1989
|
| 111 |
2 |
|
|a ECOOP '89
|d (1989 :
|c University of Nottingham)
|
| 245 |
1 |
0 |
|a ECOOP '89 :
|b proceedings of the 1989 European Conference on Object-Oriented Programming, East Midland Conference Centre, University of Nottingham, 10-14 July 1989 /
|c edited by Stephen Cook.
|
| 264 |
|
1 |
|a Cambridge [England] ;
|a New York :
|b Published by Cambridge University Press on behalf of the British Computer Society,
|c 1989.
|
| 300 |
|
|
|a vi, 399 pages :
|b illustrations ;
|c 24 cm.
|
| 336 |
|
|
|a text
|b txt
|2 rdacontent
|
| 337 |
|
|
|a unmediated
|b n
|2 rdamedia
|
| 338 |
|
|
|a volume
|b nc
|2 rdacarrier
|
| 490 |
1 |
|
|a British Computer Society workshop series
|
| 500 |
|
|
|a "Proceedings of the Third European Conference on Object-Oriented Programming"--Cover.
|
| 504 |
|
|
|a Includes bibliographical references.
|
| 650 |
|
0 |
|a Object-oriented programming (Computer science)
|v Congresses.
|
| 700 |
1 |
|
|a Cook, Stephen,
|d 1948-
|
| 710 |
2 |
|
|a British Computer Society.
|
| 740 |
0 |
|
|a Proceedings of the 1989 European Conference on Object-Oriented Programming.
|
| 740 |
0 |
|
|a ECOOP nineteen eighty nine.
|
| 830 |
|
0 |
|a British Computer Society conference series.
|
| 999 |
|
|
|a MARS
|
| 999 |
f |
f |
|s fd8aec1b-a003-33a3-bde2-847da21f61b2
|i d8c7a46d-1d08-37ca-bf9d-fc4277b5b53b
|t 0
|
| 952 |
f |
f |
|p ric
|a Texas A&M University
|b Rellis Campus
|c Joint Library Facility
|d Remote Storage
|t 0
|e QA76.64 .E95 1989
|h Library of Congress classification
|i unmediated -- volume
|m A14815608632
|
| 998 |
f |
f |
|a QA76.64 .E95 1989
|t 0
|l Remote Storage
|